<?xml version="1.0" encoding="UTF-8"?>
<collection xmlns="http://www.loc.gov/MARC21/slim">
 <record>
  <leader>01759nam a22003015a 4500</leader>
  <controlfield tag="001">CEM.cems024769</controlfield>
  <controlfield tag="008">250704s2023####ag############000#0#und#d</controlfield>
  <controlfield tag="005">20250818091745.0</controlfield>
  <datafield tag="245" ind1="1" ind2="0">
   <subfield code="a">Guitarras /</subfield>
   <subfield code="c">Márgara Averbach.</subfield>
  </datafield>
  <datafield tag="250" ind1=" " ind2=" ">
   <subfield code="a">2a ed.</subfield>
  </datafield>
  <datafield tag="260" ind1=" " ind2=" ">
   <subfield code="a">Neuquén :</subfield>
   <subfield code="b">Ruedamares,</subfield>
   <subfield code="c">2023.</subfield>
  </datafield>
  <datafield tag="300" ind1=" " ind2=" ">
   <subfield code="a">121 p.</subfield>
  </datafield>
  <datafield tag="490" ind1="1" ind2=" ">
   <subfield code="a">Identidades bonaerenses</subfield>
  </datafield>
  <datafield tag="490" ind1="1" ind2=" ">
   <subfield code="a">Juvenil</subfield>
  </datafield>
  <datafield tag="500" ind1=" " ind2=" ">
   <subfield code="a">Edición especial de la Dirección de Cultura y Educación de la Provincia de Buenos Aires.</subfield>
  </datafield>
  <datafield tag="500" ind1=" " ind2=" ">
   <subfield code="a">Sugerencia de edad: a partir de ciclo orientado. Requiere acompañamiento docente.</subfield>
  </datafield>
  <datafield tag="520" ind1=" " ind2=" ">
   <subfield code="a">Dos chicas adolescentes que viven a uno y otro lado de la vía; una de familia de clase media, la otra, habitante de una villa. Todo comienza cuando deciden cruzar esa frontera simbólica y real. Así, compartirán sus experiencias mientras viven y viajan por las geografías de los suburbios. Desde una prosa que avanza en el reconocimiento entre las protagonistas, el relato va reflexionando y armando una red de lenguaje que excede los avatares de la aventura y convierte a esta novela juvenil en algo mucho más cercano a una novela introspectiva, abriendo puertas a futuras lecturas en ese registro.</subfield>
  </datafield>
  <datafield tag="020" ind1=" " ind2=" ">
   <subfield code="a">9789871755882</subfield>
  </datafield>
  <datafield tag="100" ind1="1" ind2=" ">
   <subfield code="a">Averbach, Márgara.</subfield>
  </datafield>
  <datafield tag="653" ind1=" " ind2=" ">
   <subfield code="a">Narrativa argentina</subfield>
  </datafield>
  <datafield tag="653" ind1=" " ind2=" ">
   <subfield code="a">Literatura argentina</subfield>
  </datafield>
  <datafield tag="653" ind1=" " ind2=" ">
   <subfield code="a">Narrativa infantil y juvenil</subfield>
  </datafield>
  <datafield tag="653" ind1=" " ind2=" ">
   <subfield code="a">Literatura infantil y juvenil</subfield>
  </datafield>
  <datafield tag="653" ind1=" " ind2=" ">
   <subfield code="a">Identidades bonaerenses</subfield>
  </datafield>
  <datafield tag="859" ind1=" " ind2=" ">
   <subfield code="a">CEMS</subfield>
   <subfield code="b">BIB. CEMS - Agricultura</subfield>
   <subfield code="h">A863.4</subfield>
   <subfield code="i">Av35-1</subfield>
   <subfield code="p">A3921.25</subfield>
   <subfield code="t">Ej.1</subfield>
  </datafield>
  <datafield tag="859" ind1=" " ind2=" ">
   <subfield code="a">CEMS</subfield>
   <subfield code="b">BIB. CEMS - Ccias. Educacion</subfield>
   <subfield code="h">A863.4</subfield>
   <subfield code="i">Av35-1</subfield>
   <subfield code="k">CE</subfield>
   <subfield code="p">30063.25</subfield>
   <subfield code="t">Ej.1</subfield>
  </datafield>
  <datafield tag="859" ind1=" " ind2=" ">
   <subfield code="a">CEMS</subfield>
   <subfield code="b">BIB. CEMS - 11 de abril</subfield>
   <subfield code="h">A863.4</subfield>
   <subfield code="i">Av35-1</subfield>
   <subfield code="p">30061.25</subfield>
   <subfield code="t">Ej.1</subfield>
  </datafield>
  <datafield tag="859" ind1=" " ind2=" ">
   <subfield code="a">CEMS</subfield>
   <subfield code="b">BIB. CEMS - 11 de abril</subfield>
   <subfield code="h">A863.4</subfield>
   <subfield code="i">Av35-1</subfield>
   <subfield code="p">30062.25</subfield>
   <subfield code="t">Ej.2</subfield>
  </datafield>
 </record>
</collection>
